Earth and its resources Vol 2
| Main Author: | |
|---|---|
| Format: | Book |
| Published: |
Chicago :
J.G.Ferguson publishing company ,
1996
|
| Subjects: |
MARC
| LEADER | 00000cam a2200000 7i4500 | ||
|---|---|---|---|
| 001 | 0000062993 | ||
| 005 | 20160517.0 | ||
| 008 | 160517 | ||
| 020 | |a 089434160X (set) | ||
| 090 | 0 | 0 | |a 500 |b LAF |
| 100 | 1 | |a Lafferty,Peter | |
| 245 | 1 | 0 | |a Earth and its resources |c Peter Lafferty . |n Vol 2 |
| 260 | |a Chicago : |b J.G.Ferguson publishing company , |c 1996 | ||
| 650 | 0 | |a Physical sciences--juvenile literature | |
| 650 | 0 | |a Science-juvenile literature | |
| 999 | |a 0000576384 |b Book |c Adult Collection |e Cawangan Muar | ||
| 999 | |a 0000576391 |b Book |c Adult Collection |e Cawangan Pontian | ||